Las técnicas psicométricas y el diagnóstico psicopatológico

Zapisane w:
Opis bibliograficzny
1. autor: Casullo, María Martina (Autor)
Format: Książka
Język:hiszpański
Wydane: Buenos Aires Lugar 1992
Wydanie:4a. ed
Hasła przedmiotowe:
Etykiety: Dodaj etykietę
Nie ma etykietki, Dołącz pierwszą etykiete!

MARC

LEADER 00000nam a2200000 a 4500
001 UCK1356
003 CL-VaPUC
008 041112e19920000AG |||||||||||||||||spa|d
020 |a 9509129178 
082 0 4 |a 155.28  |b CAS  |2 21 
100 0 |a Casullo, María Martina  |e author  |9 489127 
245 1 4 |a Las técnicas psicométricas y el diagnóstico psicopatológico 
250 |a 4a. ed 
300 |a 118 p 
942 |c BK 
945 |d 20041112 00:00:00  |a cmena 
260 |a Buenos Aires  |b Lugar  |c 1992 
650 0 |a Tests psicológicos  |9 308644 
650 7 |a ENTREVISTA PSICOLOGICA  |2 CL-VaPUC  |9 332451 
650 0 |a Métodos de investigación   |9 262618 
650 0 |a Psicoanálisis   |9 265702 
650 0 |a Salud mental  |9 308393 
650 0 |a Psicología clínica  |9 307259 
583 |a last modification  |c 20041112 00:00:00  |k Rodrigo Vera 
999 |c 311327  |d 311325 
952 |0 0  |1 0  |4 0  |6 155_280000000000000_CAS_1992  |7 0  |8 R  |9 380703  |a BIBEDU  |b BIBEDU  |c MCIRC  |d 2019-11-21  |i 4077814  |o 155.28 CAS 1992  |p 4077814  |r 2023-01-13  |w 2019-11-21  |y BK_R  |k PSI